000 00903cam a2200265 i 4500
001 57108
003 Mx-PuUPA
005 20230329104716.0
008 140415s2002 nyuad fr 000 0 eng d
020 _a0060175931
040 _aMx-PuUPA
_bspa
_cMx-PuUPA
_dMx-PuUPA
_erda
041 0 _aeng
100 1 _aMiller, Kenneth R.,
_bautor
245 1 0 _aFinding darwin's God :
_ba scientist's search for common ground between God and evolution /
_cKenneth R.Mille.
250 _aFirst edition
264 1 _aNew York, NY :
_bHarper Perennial ;
_c2007
300 _axiii, 338 páginas :
_bilustraciones ;
_c21 cm
336 _atexto
_2rdacontent
_btxt
337 _asin medio
_2rdamedia
_bn
338 _avolumen
_2rdacarrier
_bnc
650 7 _aEvolución
_xAspectos religiosos
_xCristiandad
_2armarc
942 _2ddc
_cLI
_h231.7652
_iM637
999 _c57108
_d57108